| 000 -LEADER |
| fixed length control field |
00558nam a22001697a 4500 |
| 005 - DATE AND TIME OF LATEST TRANSACTION |
| control field |
20230815160315.0 |
| 008 - FIXED-LENGTH DATA ELEMENTS--GENERAL INFORMATION |
| fixed length control field |
230815s1966 enk||||| |||| 00| 0 eng d |
| 020 ## - INTERNATIONAL STANDARD BOOK NUMBER |
| International Standard Book Number |
0146725104 |
| 041 ## - LANGUAGE CODE |
| Language code of text/sound track or separate title |
eng |
| 080 ## - UNIVERSAL DECIMAL CLASSIFICATION NUMBER |
| Universal Decimal Classification number |
904(37/38)+669 S-88 |
| 100 ## - MAIN ENTRY--PERSONAL NAME |
| Personal name |
Strong,D.E. |
| 9 (RLIN) |
19677 |
| 245 ## - TITLE STATEMENT |
| Title |
Greek and Roman Gold and Silver Plate/ |
| Statement of responsibility, etc. |
D.E. Strong. |
| 264 ## - PRODUCTION, PUBLICATION, DISTRIBUTION, MANUFACTURE, AND COPYRIGHT NOTICE |
| Place of production, publication, distribution, manufacture |
London, |
| Date of production, publication, distribution, manufacture, or copyright notice |
1966. |
| 300 ## - PHYSICAL DESCRIPTION |
| Extent |
235 p.: |
| Other physical details |
ill.; |
| Dimensions |
24 cm. |
| 653 ## - INDEX TERM--UNCONTROLLED |
| keyword |
ბერძნული და რომაული ოქროს და ვერცხლის ფირფიტა |
| 942 ## - ADDED ENTRY ELEMENTS (KOHA) |
| Source of classification or shelving scheme |
|
| Koha item type |
წიგნი |